Derechos reales comentarios a los artc̕ulos 333 a 656 del Cd̤igo Civil

Detalles Bibliográficos
Autor principal: Vz̀quez Iruzubieta, Carlos
Formato: Desconocido
Lenguaje:español
Publicado: Barcelona : Vlex, 2009
Materias:
Acceso en línea:Acceso restringido

MARC

LEADER 00000ny a22000003n 4500
005 20110616104045.0
008 081219s2009 sp s 00 0 spa d
035 |a 4607 
040 |a BUS  |d vLex 
080 |a 347.2(460)(0.034) 
090 |c 748  |d 748 
100 1 |a Vz̀quez Iruzubieta, Carlos 
245 1 0 |a Derechos reales  |h [Recurso electrn̤ico]  |b comentarios a los artc̕ulos 333 a 656 del Cd̤igo Civil  
256 |a Servicio en ln̕ea 
260 |a Barcelona :  |b Vlex,  |c 2009 
300 |a x p. ;  |c cm 
506 1 |a Contenido solo disponible en los productos indicados  |d vLex Global  |d vLex Global (Academic Edition, excluding Law Schools)  |d vLex Global (U.S. Academic Edition, Law Schools)  |d vLex Global (U.S. Academic Edition, excluding Law Schools)  |d vLex Global (Academic Edition, Law Schools) 
650 0 7 |2 Tesauro vLex  |a Derechos reales 
650 0 7 |2 Tesauro vLex  |a Derechos reales de garanta̕ 
650 0 7 |2 Tesauro vLex  |a Derechos reales limitados de goce 
650 0 7 |2 Tesauro vLex  |a Institucin̤ de derechos reales 
740 0 |a vLex Libros (Servicios en ln̕ea) 
856 4 0 |z Acceso restringido  |u http://vlex.com/source/4607 
942 |c BOOK 
999 0 |a Law  |b Barcelona